Statystyki dla Najpopularniejsze piosenki Reto

Kliknij tutaj aby rozwiązać quiz!

Ogólne statystyki

  • Ten quiz został rozwiązany 183 razy
  • Średni wynik to 6 z 10

Statystyki odpowiedzi

HintOdpowiedź% Poprawnych
84 mlnPapierosy_rmx
88%
95 mlnUA
85%
68 mlnBilly Kid
80%
60 mlnBossman
66%
23 mlnBMW
63%
45 mlnRS7
58%
35 mlnBlask
53%
58 mlnSorry Dolores
51%
18 mlnPaw
34%
17 mlnStary dobra ja
1%

Rozkład punktacji

Percentyl według liczby udzielonych odpowiedzi

Procent ludzi z każdym wynikiem

Twoja historia wyników

Nie rozwiązałeś tego quizu